Ceylon customs tariff, June 1949, amended up to May 31, 1949. (Record no. 81563)

MARC details
000 -LEADER
fixed length control field 00792cam a22002051 4500
001 - CONTROL NUMBER
control field sa 68006843
003 - CONTROL NUMBER IDENTIFIER
control field DLC
005 - DATE AND TIME OF LATEST TRANSACTION
control field 20260227112519.0
008 - FIXED-LENGTH DATA ELEMENTS--GENERAL INFORMATION
fixed length control field 711020s1948 ce k 000 0 eng
010 ## - LIBRARY OF CONGRESS CONTROL NUMBER
LC control number sa 68006843
040 ## - CATALOGING SOURCE
Original cataloging agency DLC
Transcribing agency DLC
Modifying agency DLC
043 ## - GEOGRAPHIC AREA CODE
Geographic area code a-ce---
050 00 - LIBRARY OF CONGRESS CALL NUMBER
Classification number LAW
110 1# - MAIN ENTRY--CORPORATE NAME
Corporate name or jurisdiction name as entry element Ceylon.
Subordinate unit Customs Department.
245 10 - TITLE STATEMENT
Title Ceylon customs tariff, June 1949, amended up to May 31, 1949.
260 ## - PUBLICATION, DISTRIBUTION, ETC.
Place of publication, distribution, etc. [Colombo]
Name of publisher, distributor, etc. Printed at the Ceylon Govt. Press; to be purchased at the Govt. Publications Bureau or H.M. Customs
Date of publication, distribution, etc. [1948]
300 ## - PHYSICAL DESCRIPTION
Extent 1 v. (loose-leaf)
Other physical details forms.
Dimensions 26 cm.
500 ## - GENERAL NOTE
General note "... A guide only, and has in itself no legal validity. Authority ... rests on the gazetted notices from which it is compiled ..."
650 #0 - SUBJECT ADDED ENTRY--TOPICAL TERM
Topical term or geographic name entry element Tariff
General subdivision Law and legislation
Geographic subdivision Sri Lanka.

No items available.

Powered by Koha